De Tralca-Mawida a Santa Juana: despliegue histórico de una localidad en la Frontera del Biobío, 1550-1980

I tiakina i:
Ngā taipitopito rārangi puna kōrero
Kaituhi matua: Venegas Espinoza, Fernando (autor)
Hōputu: Pukapuka
I whakaputaina: Valparaíso, Chile: Ediciones Universitarias de Valparaíso, 2014.
Putanga:Primera edición
Ngā marau:
Ngā Tūtohu: Tāpirihia he Tūtohu
Kāore He Tūtohu, Me noho koe te mea tuatahi ki te tūtohu i tēnei pūkete!

MARC

LEADER 00000cam a2200000 a 4500
001 UCD6339
003 CL-VaPUC
005 20241021163907.0
008 241021t2014 ||||| |||| 00| 0 eng d
999 |c 366694  |d 366692 
020 |a 978-956-17-0616-3 
040 |c Pontificia Universidad Católica de Valparaíso 
082 0 4 |a 983.43 VEN 2014  |2 21 
100 |a Venegas Espinoza, Fernando  |e autor  |9 460818 
245 1 0 |a De Tralca-Mawida a Santa Juana:  |b  despliegue histórico de una localidad en la Frontera del Biobío, 1550-1980 
250 |a Primera edición 
260 |a Valparaíso, Chile:  |b Ediciones Universitarias de Valparaíso,  |c 2014. 
300 |a 179 páginas. 
500 |a c. 2. Fondo Budge Donación profesor Sr. Eduardo Cavieres. 05-08-2019. Dedicatoria: Para Don Eduardo, con gratitud en este gran reencuentro, fraternalmente, Fernando Venegas E. 8 agosto de 2015. 
583 |a last modification  |c 20161201 17:35:00  |k Rodrigo Vera 
650 0 |a Historia de ciudades   |z Chile  |9 445863 
651 |a Chile  |x Historia   |y Siglos 16-20  |9 892545 
942 |c BK  |2 ddc 
945 |d 20161201 17:35:00  |a dcastane 
952 |0 0  |1 0  |2 ddc  |3 erb  |4 0  |6 983_430000000000000_VEN_2014  |7 0  |8 A  |9 481161  |a BIBHIS  |b BIBHIS  |i 5354145  |o 983.43 VEN 2014  |p 5354145  |r 2025-01-20  |t 1  |w 2019-11-24  |y BK  |z Catalogado en:20161201  |k HIS 
952 |0 0  |1 0  |2 ddc  |3 erb  |4 0  |6 983_430000000000000_VEN_2014  |7 0  |8 X  |9 481162  |a FDOBUD  |b FDOBUD  |i 5595371  |o 983.43 VEN 2014  |p 5595371  |r 2019-11-24  |t 2  |w 2019-11-24  |y BK_X  |z Catalogado en:20190830  |k BUD